|
|
|
|
| LEADER |
01028nam a2200289 a 4500 |
| 001 |
000417322 |
| 003 |
CZ BrMZK |
| 005 |
20060220111342.0 |
| 008 |
010907m19999999xr f cze d |
| 020 |
|
|
|a 80-86307-03-4
|
| 040 |
|
|
|a BOA001
|b cze
|
| 080 |
|
|
|a 373.2
|2 MRF
|
| 080 |
|
|
|a 373.24
|2 MRF
|
| 080 |
|
|
|a 372.3(076)
|2 MRF
|
| 245 |
0 |
0 |
|a Metodické listy pro předškolní vzdělávání /
|c [Díl] 1 ; [editoři: Jana Buriánová, Věra Jakoubková, Hana Nádvorníková].
|
| 260 |
|
|
|a Praha :
|b Raabe,
|c c1999
|
| 300 |
|
|
|a ca [350] listů. :
|b il. ;
|c 26 cm
|
| 490 |
1 |
|
|a Nahlížet - nacházet
|
| 653 |
0 |
|
|a mateřské školy
|a předškolní výchova
|
| 700 |
1 |
|
|a Jakoubková, Věra
|7 ola2006319196
|4 edt
|
| 700 |
1 |
|
|a Nádvorníková, Hana
|7 ola2006319195
|4 edt
|
| 700 |
1 |
|
|a Buriánová, Jana
|7 ola2006319193
|4 edt
|
| 830 |
|
0 |
|a Nahlížet - nacházet
|0 s
|
| 910 |
|
|
|a BOA001
|b PK-N-0034.550,1
|
| 964 |
|
|
|a Školy mateřské
|x programy výchovně vzdělávací
|x metodiky
|
| 964 |
|
|
|a Výchova předškolní
|x metodiky
|
| 990 |
|
|
|a BK
|